000 00569nam a2200217Ia 4500
003 OSt
005 20221007083008.0
006 a|||||r|||| 00| 0
007 ta
008 221006b |||||||| |||| 00| 0 eng d
024 _a45,698
037 _cDissertations
040 _aFLL
_cFLL
_beng
041 _2eng
_aeng
100 _aSRAN Gurleen kaur
_9700030
245 0 _aAnalysis of the impact of pharmaceutical product patents in India
260 _c2018
300 _av.122p.
_ccm.
942 _cDIS
_2CC
999 _c1168440
_d1168440